[Event "Open"]
[Site "Voronezh RUS"]
[Date "2005.06.20"]
[Round "8"]
[White "Chebotarev,O"]
[Black "Vorobiov,E"]
[Result "0-1"]
[WhiteElo "2480"]
[BlackElo "2550"]

1.e4 c5 2.Nf3 d6 3.d4 cxd4 4.Nxd4 Nf6 5.Nc3 a6 6.f3 e6 7.Be3 b5 8.g4 h6 9.Qd2 b4
10.Na4 Nbd7 11.O-O-O Ne5 12.Nb3 Rb8 13.Qe2 Bd7 14.Bf4 Qc7 15.Qxa6 Be7 16.Be3 O-O
17.Nb6 Nxf3 18.Nxd7 Nxd7 19.Qe2 Rfc8 20.Kb1 Ra8 21.Bg2 Nfe5 22.Bd4 Nc5 23.Nc1 Bg5
24.c3 Bxc1 25.cxb4 Bxb2 26.Bxb2 Na4 27.Ba1 Nc4 28.Rd3 Rab8 29.Rb3 Rxb4  0-1

[Event "6th EICC"]
[Site "Warsaw POL"]
[Date "2005.06.22"]
[Round "5"]
[White "L'Ami,E"]
[Black "Lagowski,P"]
[Result "1-0"]
[WhiteElo "2515"]
[BlackElo "2393"]

1.e4 c5 2.Nf3 d6 3.d4 cxd4 4.Nxd4 Nf6 5.Nc3 a6 6.f3 e5 7.Nb3 Be7 8.Be3 Be6
9.Qd2 O-O 10.O-O-O Nbd7 11.g4 b5 12.g5 b4 13.Nd5 Nxd5 14.exd5 Bf5 15.h4 a5
16.Bd3 Bxd3 17.Qxd3 f5 18.gxf6 Nxf6 19.Nd2 Qc8 20.h5 Qa6 21.Nc4 Rac8 22.b3 Kh8
23.h6 g6 24.f4 e4 25.Qe2 a4 26.Bd4 axb3 27.axb3 Rf7 28.Qxe4 Kg8 29.Qe6 Ne8
30.Ne5 Rxc2+ 31.Kxc2 Qe2+ 32.Kc1  1-0

[Event "Torch Real Estate Cup"]
[Site "Xiapu CHN"]
[Date "2005.06.22"]
[Round "15"]
[White "Zatonskih,A"]
[Black "Wang Yu A"]
[Result "1-0"]
[WhiteElo "2435"]
[BlackElo "2373"]

1.e4 c5 2.Nf3 d6 3.d4 cxd4 4.Nxd4 Nf6 5.Nc3 a6 6.f3 e5 7.Nb3 Be6 8.Be3 Be7
9.Qd2 Nbd7 10.O-O-O b5 11.Qf2 Rb8 12.Kb1 Nb6 13.Nc5 Bc8 14.Nd3 Nc4 15.Bc1 Qc7
16.b3 b4 17.Nd5 Nxd5 18.exd5 Na3+ 19.Bxa3 bxa3 20.Qd2 Bf6 21.Nb4 Qb6 22.Nc6 Rb7
23.Qa5 Bd7 24.Qxa6 Bxc6 25.dxc6 Qxa6 26.Bxa6 Rb6 27.c7 Kd7 28.c8=Q+ Rxc8
29.Bxc8+ Kxc8 30.Rd5 Rc6 31.Rhd1 Kc7 32.c4 Be7 33.Kc2 Kd7 34.Rxe5  1-0

[Event "6th EICC"]
[Site "Warsaw POL"]
[Date "2005.06.26"]
[Round "8"]
[White "Socko,B"]
[Black "Cvitan,O"]
[Result "1/2-1/2"]
[WhiteElo "2583"]
[BlackElo "2481"]

1.e4 c5 2.Nf3 d6 3.d4 cxd4 4.Nxd4 Nf6 5.Nc3 a6 6.f3 e6 7.Be3 Nc6 8.Qd2 Be7
9.O-O-O O-O 10.g4 Nxd4 11.Bxd4 b5 12.Kb1 Nd7 13.h4 Qc7 14.g5 b4 15.Na4 Bb7
16.b3 Bc6 17.Nb2 a5 18.h5 Ne5 19.Rh3 a4 20.g6 axb3 21.cxb3 fxg6 22.hxg6 h6
23.Bxe5  1/2-1/2

[Event "33rd World Open"]
[Site "Philadelphia USA"]
[Date "2005.06.28"]
[Round "1"]
[White "Schneider,Dm"]
[Black "Tayar,J"]
[Result "1-0"]
[WhiteElo "2466"]
[BlackElo "2162"]

1.e4 c5 2.Nf3 d6 3.d4 Nf6 4.Nc3 cxd4 5.Nxd4 a6 6.f3 e6 7.Be3 b5 8.g4 Nfd7
9.Qd2 Nb6 10.O-O-O N8d7 11.Ndxb5 axb5 12.Nxb5 Ne5 13.Qc3 Na4  1-0

[Event "VISUS Open"]
[Site "Prague CZE"]
[Date "2005.07.02"]
[Round "1"]
[White "Filipi,S"]
[Black "Juptner,J"]
[Result "1-0"]
[WhiteElo "2022"]
[BlackElo "2258"]

1.e4 c5 2.Nf3 d6 3.d4 cxd4 4.Nxd4 Nf6 5.Nc3 a6 6.f3 e6 7.Be3 b5 8.Qd2 Nbd7
9.g4 Nb6 10.O-O-O Bb7 11.h4 b4 12.Nb1 d5 13.e5 Nfd7 14.f4 Nc5 15.Bd3 Nc4
16.Bxc4 dxc4 17.Rh3 Rc8 18.f5 b3 19.axb3 cxb3 20.c3 Be4 21.Bg5 Qa5 22.Na3 h6
23.Bf4 Be7 24.fxe6 fxe6 25.Nxe6 Nxe6 26.Qd7+ Kf7 27.Rf1 Qd5 28.Bg5+ Kg6 29.Qxe7 hxg5
30.Qf7+  1-0

[Event "Open A"]
[Site "Klatovy CZE"]
[Date "2005.07.03"]
[Round "2"]
[White "Framberk,J"]
[Black "Volak,M"]
[Result "1/2-1/2"]
[WhiteElo "2042"]
[BlackElo "2175"]

1.e4 c5 2.Nf3 d6 3.d4 cxd4 4.Nxd4 Nf6 5.Nc3 a6 6.f3 e6 7.Be3 Be7 8.Qd2 b5
9.Bd3 Bb7 10.O-O-O Nbd7 11.g4 Nc5 12.Kb1 b4 13.Nce2 d5 14.e5 Nfd7 15.f4 Ne4
16.Bxe4 dxe4 17.f5 Nxe5 18.fxe6 O-O 19.Rhg1 Nc4 20.Qc1 Nxe3 21.Qxe3 Qb6 22.exf7+ Rxf7
23.Qb3 Rd8 24.Nf5 Qc7 25.Nxe7+ Qxe7 26.Rxd8+ Qxd8 27.Qxb4  1/2-1/2

[Event "VISUS Open"]
[Site "Prague CZE"]
[Date "2005.07.03"]
[Round "2"]
[White "Londyn,R"]
[Black "Vrkoc,D"]
[Result "1-0"]
[WhiteElo "2350"]
[BlackElo "2163"]

1.e4 c5 2.Nf3 d6 3.d4 cxd4 4.Nxd4 Nf6 5.Nc3 a6 6.f3 e5 7.Nb3 Be6 8.Be3 Be7
9.Qd2 Nbd7 10.O-O-O b5 11.g4 h6 12.Kb1 Rc8 13.h4 Nb6 14.Bd3 Nc4 15.Bxc4 bxc4
16.Nc1 Nd7 17.g5 h5 18.g6 fxg6 19.Rdg1 Bf7 20.N1e2 Nc5 21.f4 Bf6 22.Ng3 exf4
23.Bxf4 Be5 24.Nge2 O-O 25.Rd1 Qb6 26.Bxe5 dxe5 27.Qd6 Rb8 28.b3 cxb3 29.axb3 Qa5
30.Qxe5 Nxb3 31.Qxa5 Nxa5+ 32.Ka1 Bc4 33.Nd4 Rfc8 34.Rh3 Nc6 35.Rg3 Nxd4
36.Rxd4 Bf7 37.Rd6 a5 38.Ra6 Ra8 39.Rb6 Rab8 40.Rxb8 Rxb8 41.Rg5 Ra8 42.Rc5 Kf8
43.Kb2 Ke7 44.Nb5 Be6 45.Nd4 Bd7 46.Re5+ Kf6 47.Rd5 Ke7 48.Ka3 Ra7 49.c4 a4
50.c5 Ra6 51.Re5+ Kf6 52.Rg5 Be8 53.e5+ Kf7 54.Rg1 Bd7 55.Rb1 Bc6 56.Rb8 g5
57.hxg5 Be4 58.e6+ Ke7 59.Rg8 g6 60.Rg7+ Ke8 61.Nb5 Kf8 62.e7+  1-0

[Event "2nd RUS Pupils Summer Boys"]
[Site "Satka RUS"]
[Date "2005.07.04"]
[Round "7"]
[White "Chadaev,N"]
[Black "Nechepurenko,R"]
[Result "1/2-1/2"]
[WhiteElo "2434"]
[BlackElo "2402"]

1.e4 c5 2.Nf3 d6 3.d4 cxd4 4.Nxd4 Nf6 5.Nc3 a6 6.f3 e5 7.Nb3 Be6 8.Be3 Be7
9.Qd2 Nbd7 10.O-O-O h5 11.Kb1 b5 12.Qf2 Rb8 13.Nd5 Bxd5 14.exd5 Qc7 15.Be2 Nb6
16.Bxb6 Qxb6 17.Qxb6 Rxb6 18.c4 bxc4 19.Bxc4 Nd7 20.Na5 Bg5 21.a3 Nc5 22.b4 O-O
23.Ka2 Rc8 24.Nc6 Nb7 25.h4 Bf6 26.Rc1 Ra8 27.Bd3 g6 28.a4 a5 29.b5 Kf8 30.Be4 Ke8
31.g4 Nc5 32.g5 Bg7 33.Bc2 Kf8 34.Rce1 Nd7 35.Rhf1 Rb7 36.Rf2 Bh8 37.Ref1 Bg7
38.Re2 Bh8 39.Rd2 Bg7 40.Ka3 Bh8 41.Re2 Bg7 42.Be4 Bh8 43.Rc2 Bg7 44.Rcf2 Kg8
45.Bc2 Nb6 46.Be4 Nd7 47.f4 exf4 48.Ne7+ Kh7 49.Rxf4 Ne5 50.Rxf7 Nxf7 51.Bxg6+ Kh8
52.Rxf7 Raa7 53.b6 Rxb6 54.Bxh5 Rbb7 55.Ng6+ Kg8 56.Rxb7 Rxb7 57.Bg4 Bb2+
58.Ka2 Bc1 59.Bc8 Rc7 60.Kb3 Kg7 61.Bf5 Bd2 62.Kb2 Be3 63.Kb3 Bc1 64.Bd3 Bd2
65.Bf5 Rc3+ 66.Kb2 Rf3 67.Be4 Rh3 68.Ne7 Bf4 69.Nf5+ Kf8 70.Bc2 Bg3 71.g6 Bxh4
72.Nxd6 Bf6+ 73.Ka2 Rc3 74.Kb1 Ra3 75.Kc1 Bc3 76.Kd1 Bb4  1/2-1/2

[Event "4th Open"]
[Site "La Fere FRA"]
[Date "2005.07.05"]
[Round "5"]
[White "Cioara,A"]
[Black "Cozette,M"]
[Result "1-0"]
[WhiteElo "2403"]
[BlackElo "2024"]

1.e4 c5 2.Nf3 d6 3.d4 cxd4 4.Nxd4 Nf6 5.Nc3 a6 6.f3 e5 7.Nb3 Be6 8.Be3 Nbd7
9.Qd2 b5 10.a4 b4 11.Nd5 Bxd5 12.exd5 Nb6 13.Bxb6 Qxb6 14.a5 Qb7 15.Bc4 Be7
16.Ra4 Rb8 17.Qd3 O-O 18.Bxa6 Qxd5 19.Qxd5 Nxd5 20.Kf2 Nc7 21.Be2 d5 22.a6 Rb6
23.a7 Ra8 24.Bd3 Rb7 25.Rha1 Nb5 26.Ra5 Nxa7 27.Rxd5 Rab8 28.Rxe5 Bf6 29.Rea5 Nc6
30.Ra6 Rc7 31.Be4 Nd4 32.Rxf6 Nxb3 33.Rb6  1-0

[Event "VISUS Open"]
[Site "Prague CZE"]
[Date "2005.07.05"]
[Round "4"]
[White "Filipi,S"]
[Black "Vrkoc,D"]
[Result "1-0"]
[WhiteElo "2022"]
[BlackElo "2163"]

1.e4 c5 2.Nf3 d6 3.d4 cxd4 4.Nxd4 Nf6 5.Nc3 a6 6.f3 e5 7.Nb3 Be6 8.Be3 Be7
9.Qd2 Nbd7 10.O-O-O b5 11.g4 h6 12.Kb1 Nb6 13.h4 Nfd7 14.Na5 b4 15.Nd5 Nxd5
16.exd5 Qxa5 17.dxe6 fxe6 18.g5 hxg5 19.Bxg5 Nf6 20.Bh3 Kf7 21.Qd3 Qb5 22.Qb3 Nd5
23.Bxe7 Kxe7 24.Rhg1 Rag8 25.Bxe6 Kxe6 26.Rxd5 Qxd5 27.Rg6+ Kf7 28.Qxd5+ Kxg6
29.Qxd6+ Kf7 30.Qxb4 Rh6 31.Qc4+ Re6 32.b4 Re8 33.a4 Kf6 34.c3 Rd8 35.Qg4 Rde8
36.Qe4 Rd8 37.Kc2 Red6 38.h5 Rd2+ 39.Kb3 Rg2 40.f4 Rdd2 41.Qxe5+ Kf7 42.Qf5+ Ke7
43.Qc5+ Kf7 44.Qc4+ Ke7 45.Qxa6 Rge2 46.Qb7+ Kf6 47.a5 Rb2+ 48.Ka4 Re3 49.Qb6+ Re6
50.Qd4+ Kf7 51.Qd5 Ke7 52.Kb5 Rd6 53.Qe5+  1-0

[Event "4th Open"]
[Site "La Fere FRA"]
[Date "2005.07.07"]
[Round "8"]
[White "Cioara,A"]
[Black "Genov,Peta"]
[Result "1/2-1/2"]
[WhiteElo "2403"]
[BlackElo "2469"]

1.e4 c5 2.Nf3 d6 3.d4 cxd4 4.Nxd4 Nf6 5.Nc3 a6 6.f3 e6 7.Be3 b5 8.g4 Bb7
9.Qd2 Nc6 10.O-O-O Rc8 11.Nxc6 Bxc6 12.Kb1 Be7 13.h4 b4 14.Ne2 Nxe4 15.Qxb4 Nf6
16.Nd4 Bd7 17.Bxa6 Rb8 18.Bb5 O-O 19.a4 Nd5 20.Qb3 Nxe3 21.Qxe3 d5 22.Nc6 Bxc6
23.Bxc6 Qc7 24.Bb5 Rfc8 25.c3 Bd6 26.g5 Bf4 27.Qd3 Rd8 28.Rhg1 Qe7 29.Rg4 e5
30.Re1 Qc5 31.h5 g6 32.Rh1 d4 33.hxg6 hxg6 34.Rgh4 Bxg5 35.Rh8+ Kg7 36.cxd4 Qxd4
37.R8h7+ Kf6 38.Qb3 Qd5 39.Qxd5 Rxd5 40.Bc4 Rd7  1/2-1/2

[Event "DMP 1st League"]
[Site "Koszalin POL"]
[Date "2005.07.10"]
[Round "7"]
[White "Stopa,Ja"]
[Black "Wojtaszek,R"]
[Result "1/2-1/2"]
[WhiteElo "2460"]
[BlackElo "2591"]

1.e4 c5 2.Nf3 d6 3.d4 cxd4 4.Nxd4 Nf6 5.Nc3 a6 6.f3 e5 7.Nb3 Be6 8.Be3 Be7
9.Qd2 O-O 10.O-O-O a5 11.Bb5 Nbd7 12.Kb1 Nb6 13.Qf2 Nfd7 14.a4 Rc8 15.Nd5 Bxd5
16.exd5 Nc4 17.Bc1 Ncb6 18.Be3 Nc4 19.Bc1 Nf6 20.f4 exf4 21.Rhe1 Ng4 22.Qxf4 Nge5
23.g3 Bf6 24.Nd4 g6 25.h4 h5 26.Qe4 Qc7 27.b3 Nb6 28.Bb2 Bg7 29.Rd2 Ng4 30.c4 Be5
31.Ne2 Nd7 32.Nf4 Nc5 33.Qc2 Qd8 34.Bxe5 Nxe5 35.Rxe5 dxe5 36.Nxg6 Nxb3 37.Rf2 Nd4
38.Qe4 Qd6 39.Nxf8 Rxf8 40.c5 Nxb5 41.axb5 Qxc5 42.Qxe5 Qxb5+ 43.Rb2 Qd3+
44.Ka2 Qg6 45.Rxb7 Rd8 46.Rb2 Kh7 47.Rf2 Rd7  1/2-1/2

[Event "Magistral"]
[Site "Salamanca ESP"]
[Date "2005.07.12"]
[Round "3"]
[White "Garcia Garcia,R"]
[Black "Gomez Esteban,J"]
[Result "0-1"]
[WhiteElo "2343"]
[BlackElo "2467"]

1.e4 c5 2.Nf3 d6 3.d4 cxd4 4.Nxd4 Nf6 5.Nc3 a6 6.f3 e5 7.Nb3 Be6 8.Be3 Be7
9.Qd2 O-O 10.O-O-O Nbd7 11.g4 b5 12.g5 b4 13.Ne2 Ne8 14.Ng3 a5 15.Kb1 Nc7
16.f4 a4 17.Nc1 exf4 18.Bxf4 b3 19.cxb3 axb3 20.a3 Nc5 21.Bxd6 Bxd6 22.Qxd6 Qxg5
23.h4 Qd8 24.Be2 Qxd6 25.Rxd6 Rfc8 26.Rhd1 Ne8 27.R6d4 Kf8 28.Rb4 Rab8 29.Rdd4 Rxb4
30.axb4 Na4 31.b5 Nc5 32.Bc4 Bxc4 33.Rxc4 Nd6 34.Rb4 Rb8 35.Nxb3 Nxb3 36.Rxb3 Rxb5
37.Rxb5 Nxb5 38.Kc2 Ke7 39.Kd3 Ke6 40.Kc4 Nd6+ 41.Kc5 Ke5 42.b4 g6 43.h5 g5
44.b5 Nxb5 45.Kxb5 Kf4 46.Nf1 Kxe4 47.Kc6 f5 48.Kd6 f4 49.Nh2 f3 50.Ke6 Kf4
51.Kf6 g4 52.Kg7 g3 53.Nxf3 Kxf3 54.h6 g2 55.Kh8 g1=Q 56.Kxh7  0-1

[Event "Politiken Cup"]
[Site "Copenhagen DEN"]
[Date "2005.07.16"]
[Round "1"]
[White "Bryn,T"]
[Black "Shomoev,A"]
[Result "0-1"]
[WhiteElo "1989"]
[BlackElo "2514"]

1.e4 c5 2.Nf3 d6 3.d4 cxd4 4.Nxd4 Nf6 5.Nc3 a6 6.f3 b5 7.Be3 Bb7 8.Qd2 Nbd7
9.g4 b4 10.Nce2 e5 11.Nf5 d5 12.g5 g6 13.Nfg3 dxe4 14.gxf6 exf3 15.Nc1 Qc7
16.Nb3 Nxf6 17.O-O-O Be7 18.h4 Rd8 19.Qe1 Rxd1+ 20.Qxd1 Ng4 21.Qe1 O-O 22.Bd3 f5
23.Bg5 f2 24.Qe2 Bxg5+ 25.hxg5 Bxh1 26.Nxh1 e4 27.Bc4+ Kh8 28.Nd4 Qh2 29.Qf1 Ne3  0-1

[Event "Magistral"]
[Site "Salamanca ESP"]
[Date "2005.07.16"]
[Round "7"]
[White "Garcia Garcia,R"]
[Black "Dunis,A"]
[Result "0-1"]
[WhiteElo "2343"]
[BlackElo "2485"]

1.e4 c5 2.Nf3 d6 3.d4 cxd4 4.Nxd4 Nf6 5.Nc3 a6 6.f3 e6 7.Be3 b5 8.Qd2 Nbd7
9.g4 Nb6 10.Bd3 Bb7 11.O-O-O Rc8 12.h4 Nfd7 13.Kb1 Ne5 14.Qf2 Rxc3 15.bxc3 Na4
16.Bd2 Qc7 17.Ne2 d5 18.g5 Ba3 19.h5 O-O 20.h6 g6 21.Rhe1 Nb2 22.Bf4 Nxd1
23.Qd4 f6 24.gxf6 Nxf3 25.Bxc7 Nxd4 26.Rxd1 Nxe2 27.Bxe2 Rxf6 28.Bg4 Kf7
29.Bg3 dxe4 30.Bh4 Bd5 31.Bxf6 Kxf6 32.Be2 Kg5 33.Rf1  0-1

[Event "ACT Open"]
[Site "Amsterdam NED"]
[Date "2005.07.17"]
[Round "2"]
[White "Erenburg,S"]
[Black "Bezemer,A"]
[Result "1-0"]
[WhiteElo "2595"]
[BlackElo "2364"]

1.e4 c5 2.Nf3 d6 3.d4 cxd4 4.Nxd4 Nf6 5.Nc3 a6 6.f3 e5 7.Nb3 Be6 8.Be3 Nbd7
9.Qd2 b5 10.O-O-O Rc8 11.g4 Nb6 12.g5 Nh5 13.Kb1 Be7 14.Qf2 Nc4 15.Bxc4 bxc4
16.Nc5 O-O 17.Rhg1 g6 18.N5a4 f5 19.gxf6 Nxf6 20.Nb6 Rb8 21.Nbd5 Bxd5 22.Nxd5 Nxd5
23.Rxd5 Rb5 24.Bh6 Rf7 25.Rxb5 axb5 26.Qd2 Qd7 27.Rg3 Qe6 28.Qa5 Qd7 29.a3 Bf8
30.Bxf8 Rxf8 31.Qd2 Rf4 32.Qd5+ Kg7 33.a4 bxa4 34.Qxc4 h5 35.Qd3 h4 36.Rg1 Qe6
37.Rd1 Qf6 38.Qa6 Rxf3 39.Rxd6 Qf7 40.Rd5 Rf1+ 41.Ka2 Rf4 42.Qd3 g5 43.c4 Rf3
44.Qd1 Qf4 45.Rd7+ Kg6 46.Qd5 Rf1 47.Qg8+ Kh5 48.h3  1-0

[Event "Politiken Cup"]
[Site "Copenhagen DEN"]
[Date "2005.07.17"]
[Round "2"]
[White "Solberg,J"]
[Black "Ziska,A"]
[Result "1-0"]
[WhiteElo "2171"]
[BlackElo "1795"]

1.e4 c5 2.Nf3 d6 3.d4 cxd4 4.Nxd4 Nf6 5.Nc3 a6 6.f3 b5 7.Be3 Bb7 8.Qd2 e6
9.g4 Nfd7 10.O-O-O Nc6 11.Nxc6 Bxc6 12.Bd3 Nc5 13.Kb1 Be7 14.Ne2 d5 15.e5 Rc8
16.Nd4 Bb7 17.h4 Qc7 18.Bf4 O-O 19.g5 b4 20.h5 Na4 21.g6 Qb6 22.Nb3 d4 23.gxh7+ Kh8
24.Qg2 f5 25.Rdg1 Rf7 26.Qg6 Rcf8 27.h6 gxh6 28.Qg8+ Rxg8 29.hxg8=Q+  1-0

[Event "Politiken Cup"]
[Site "Copenhagen DEN"]
[Date "2005.07.17"]
[Round "3"]
[White "Bryn,T"]
[Black "Lonborg,M"]
[Result "0-1"]
[WhiteElo "1989"]
[BlackElo "2188"]

1.e4 c5 2.Nf3 d6 3.d4 cxd4 4.Nxd4 Nf6 5.Nc3 a6 6.f3 e6 7.Be3 b5 8.g4 h6 9.Qd2 Bb7
10.Nb3 Nbd7 11.g5 hxg5 12.Bxg5 Ne5 13.Qe3 b4 14.Na4 Nfg4 15.fxg4 Qxg5 16.Qxg5 Nf3+
17.Kd1 Nxg5 18.Bg2 Bxe4 19.Bxe4 Nxe4 20.Ke2 Rc8 21.Rac1 g6 22.c4 bxc3 23.Nxc3 Nxc3+
24.Kd3 Rh3+  0-1

[Event "MTO Open"]
[Site "Biel SUI"]
[Date "2005.07.18"]
[Round "1"]
[White "Kritz,L"]
[Black "Sondermann,J"]
[Result "1-0"]
[WhiteElo "2544"]
[BlackElo "2164"]

1.e4 c5 2.Nf3 d6 3.d4 cxd4 4.Nxd4 Nf6 5.Nc3 a6 6.Be3 Ng4 7.Bc1 Nf6 8.f3 e5
9.Nb3 Be7 10.Be3 Be6 11.Qd2 b5 12.O-O-O Nbd7 13.Kb1 O-O 14.g4 Nb6 15.g5 Nh5
16.Nd5 Bxd5 17.exd5 Nc4 18.Bxc4 bxc4 19.Na5 c3 20.Qxc3 Bxg5 21.Nb7 Qd7 22.Bxg5 Qxb7
23.Qc6 Rab8 24.b3 f6 25.Be3 Rfd8 26.Rhg1 g6 27.Rg4 Rd7 28.Ra4 Ra8 29.Rb4 Qc8
30.Rb6 Ng7 31.Rd3 Rc7 32.Qxd6 Rxc2 33.Qxf6 Rxh2 34.Qc6 Qf8 35.Bc5 Qd8 36.Be7 Rh1+
37.Kc2 Qc8 38.Qxc8+ Rxc8+ 39.Rc6 Rh2+ 40.Kc3 Ra8 41.Bf6 Ne8 42.Bxe5 Rh1 43.Kb2 Re1
44.f4 Re2+ 45.Ka3 Ra7 46.d6 Rd7 47.Rc7 Rd8 48.Re7 Kf8 49.Rxh7  1-0

[Event "Aegean Open"]
[Site "Kirykos GRE"]
[Date "2005.07.18"]
[Round "7"]
[White "Stiri,A"]
[Black "Grapsa,G"]
[Result "1/2-1/2"]
[WhiteElo "2201"]
[BlackElo "2073"]

1.e4 c5 2.Nf3 d6 3.d4 cxd4 4.Nxd4 Nf6 5.Nc3 a6 6.f3 e5 7.Nb3 Be6 8.Be3 Nbd7
9.g4 h6 10.Qd2 b5 11.O-O-O Rc8 12.h4 Nb6 13.Qf2 Rxc3 14.bxc3 Na4 15.Rd3 Qc7
16.g5 hxg5 17.Bxg5 d5 18.Qd2 Ba3+ 19.Kb1 dxe4 20.fxe4 Bc4 21.Re3 Bxf1 22.Bxf6 gxf6
23.Rxf1 Rxh4 24.Qd3 Rxe4 25.Qxe4 Nxc3+ 26.Rxc3 Qxc3 27.Qa8+ Ke7 28.Qb7+ Ke8  1/2-1/2

[Event "Open A"]
[Site "Chojnice POL"]
[Date "2005.07.22"]
[Round "9"]
[White "Cyborowski,L"]
[Black "Bugajski,R"]
[Result "1-0"]
[WhiteElo "2537"]
[BlackElo "2218"]

1.e4 c5 2.Nf3 d6 3.d4 cxd4 4.Nxd4 Nf6 5.Nc3 a6 6.f3 e5 7.Nb3 Be6 8.Be3 Be7
9.Qd2 Nbd7 10.g4 h6 11.O-O-O Rc8 12.Kb1 b5 13.Nd5 Bxd5 14.exd5 Qc7 15.Rg1 g5
16.Rg2 Nf8 17.h4 Ng6 18.hxg5 hxg5 19.Bd3 Nf4 20.Bxf4 gxf4 21.Bf5 Rb8 22.Rh2 Rxh2
23.Qxh2 Nd7 24.Qh8+ Nf8 25.Nd2 Qc5 26.Ne4 Qe3 27.Qh1 b4 28.Qf1 Qb6 29.Qc4 a5
30.b3 Kd8 31.Rh1 Qb5 32.Rh6 Qb6 33.Kb2 Ra8 34.Rh8 Rb8 35.Rh1 Qb5 36.Rh6 Qb6
37.a4 bxa3+ 38.Kxa3 Ra8 39.Qa4 Ra7 40.Kb2 Rc7 41.Rh1 Ra7 42.Rd1 Rc7 43.Nd2 Bf6
44.Ne4 Be7 45.Ra1 Ra7 46.Qc4 Rc7 47.Qd3 Nd7 48.Bxd7 Rxd7 49.Qc3 Ra7 50.Ra4 Kd7
51.Rc4 a4 52.Rb4 Qa6 53.Rxa4  1-0

[Event "Open A"]
[Site "Pardubice CZE"]
[Date "2005.07.22"]
[Round "1"]
[White "Gerasimovitch,O"]
[Black "Szoen,D"]
[Result "0-1"]
[WhiteElo "2270"]
[BlackElo "2459"]

1.e4 c5 2.Nf3 d6 3.d4 cxd4 4.Nxd4 Nf6 5.Nc3 a6 6.f3 e5 7.Nb3 Be6 8.Be3 Nbd7
9.Qd2 b5 10.O-O-O b4 11.Nd5 Bxd5 12.exd5 Nb6 13.Bxb6 Qxb6 14.g4 a5 15.Qd3 Rb8
16.Qa6 Qxa6 17.Bxa6 a4 18.Na5 Be7 19.Bb7 O-O 20.Bc6 a3 21.h4 Ne8 22.Nc4 axb2+
23.Kxb2 Nc7 24.Ne3 g6 25.c4 Na6 26.Kc2 Nc5 27.Rb1 Rb6 28.Nf1 Ra6 29.Rxb4 Rxa2+
30.Rb2 Rxb2+ 31.Kxb2 Rb8+ 32.Bb5 Bf6 33.g5 Bg7 34.Nd2 e4+ 35.Kc2 Ra8 36.Re1 Ra2+
37.Kd1 Bc3 38.Re2 Ra1+ 39.Kc2 Bxd2 40.Kxd2 exf3 41.Re8+ Kg7 42.Ke3 Ra3+ 43.Kf2 Rd3
44.Re3 Rd4 45.Rxf3 Rxh4 46.Kg3 Rd4 47.Rf4 Rxf4 48.Kxf4 h6 49.gxh6+ Kxh6 50.Be8 Kg7
51.Kg5 f6+ 52.Kf4 f5 53.Kg5 Ne4+ 54.Kf4 Kf6  0-1

[Event "ACT Open"]
[Site "Amsterdam NED"]
[Date "2005.07.23"]
[Round "8"]
[White "Ruijgrok,D"]
[Black "Wong Zi Jing"]
[Result "1-0"]
[WhiteElo "2249"]
[BlackElo "2330"]

1.e4 c5 2.Nf3 d6 3.d4 cxd4 4.Nxd4 Nf6 5.Nc3 a6 6.f3 e5 7.Nb3 Be7 8.Be3 Be6
9.Qd2 Nbd7 10.g4 b5 11.a4 b4 12.Nd5 Bxd5 13.exd5 h6 14.O-O-O Nb6 15.Bxb6 Qxb6
16.h4 Nd7 17.a5 Qb7 18.f4 Rc8 19.Kb1 exf4 20.Qxf4 Ne5 21.Qe4 O-O 22.g5 h5
23.Rd4 Rb8 24.Bh3 Rfe8 25.Qe2 g6 26.Rf1 Bf8 27.Qd2 Qc7 28.Rff4 Bg7 29.Bf1 Ng4
30.Rxb4 Rxb4 31.Rxb4 Qe7 32.Bxa6 Qe5 33.c3 Ne3 34.Bb7 Qf5+ 35.Ka2 Nf1 36.Qc1 Ne3
37.Bc6 Re7 38.Qd2 Qf4 39.Nc1 Nc4 40.Qd3 Qxc1 41.Qxc4 Re1 42.a6 Rg1 43.Ka3 Qe3
44.Ka4 Ra1+ 45.Kb5 Qf2 46.Bb7 Be5 47.Kc6 Bh2 48.Ra4 Rxa4 49.Qxa4 Qc5+ 50.Kd7 Bg1
51.a7 Qxa7 52.Qxa7 Bxa7 53.Kxd6 Bf2 54.c4 Bxh4 55.c5 Bxg5 56.Kd7  1-0

[Event "ACT Open"]
[Site "Amsterdam NED"]
[Date "2005.07.24"]
[Round "9"]
[White "L'Ami,E"]
[Black "Al Modiahki,M"]
[Result "1-0"]
[WhiteElo "2519"]
[BlackElo "2570"]

1.e4 c5 2.Nf3 d6 3.d4 cxd4 4.Nxd4 Nf6 5.Nc3 a6 6.f3 e6 7.Be3 b5 8.g4 h6 9.Qd2 b4
10.Na4 Nbd7 11.O-O-O Ne5 12.Qxb4 Bd7 13.Qa3 d5 14.Nc5 Qc8 15.b4 Be7 16.Qc3 O-O
17.Ndxe6 Bxe6 18.Qxe5 Bxc5 19.Bxc5 Nd7 20.Qd4 Nxc5 21.exd5 Rd8 22.Qxc5 Qxc5
23.bxc5 Rxd5 24.Rxd5 Bxd5 25.Be2 Rc8 26.a3 Rxc5 27.Rd1 a5 28.Rd4 g5 29.Kd2 Kg7
30.c4 Be6 31.f4 gxf4 32.Rxf4 Re5 33.Bd3 Rg5 34.Be2 Rc5 35.Kc3 Re5 36.Kd3 Rc5
37.Bf3 Kf8 38.Rd4 Ke7 39.Bd5 Rc8 40.Kc3 Rc7 41.Re4 Kd6 42.Bxe6 fxe6 43.Kd4 Rf7
44.c5+ Kd7 45.h4 Rf3 46.a4 Rf1 47.Ke5 Ke7 48.Rc4 Re1+ 49.Kf4 Rf1+ 50.Ke3 Kd7
51.c6+ Kc7 52.Ke4 Rh1 53.h5 Re1+ 54.Kf4 Re2 55.Re4 Rf2+ 56.Ke5 Kxc6 57.Kxe6 Kc5
58.Ke5 Rf8 59.g5 Re8+ 60.Kf5 Rf8+ 61.Kg6 hxg5 62.h6 Kd5 63.Rg4 Ke6 64.Re4+ Kd5
65.Rg4 Ke6 66.h7 Rf6+ 67.Kxg5 Rf8 68.Rh4 Rh8 69.Kg6  1-0

[Event "WYb18"]
[Site "Belfort FRA"]
[Date "2005.07.24"]
[Round "6"]
[White "Stopa,Ja"]
[Black "Tukhaev,A"]
[Result "1-0"]
[WhiteElo "2460"]
[BlackElo "2438"]

1.e4 c5 2.Nf3 d6 3.d4 cxd4 4.Nxd4 Nf6 5.Nc3 a6 6.f3 e6 7.Be3 b5 8.g4 Nfd7
9.Qd2 Nb6 10.O-O-O N8d7 11.Ndxb5 axb5 12.Nxb5 Ba6 13.Nxd6+ Bxd6 14.Qxd6 Bxf1
15.Bxb6 Qg5+ 16.Kb1 Nxb6 17.Qc6+ Ke7 18.Qxb6 Be2 19.Qc7+ Kf6 20.Qc3+ Ke7
21.Qc7+ Kf6 22.h4 Qe5 23.g5+ Kg6 24.h5+ Kxg5 25.Qxf7  1-0

[Event "Open A"]
[Site "Pardubice CZE"]
[Date "2005.07.25"]
[Round "4"]
[White "Mojzis,Jan"]
[Black "Aliavdin,N"]
[Result "0-1"]
[WhiteElo "2217"]
[BlackElo "2349"]

1.e4 c5 2.Nf3 d6 3.d4 cxd4 4.Nxd4 Nf6 5.Nc3 a6 6.f3 e5 7.Nb3 Be6 8.Be3 Be7
9.Qd2 h5 10.O-O-O Nbd7 11.Qf2 b5 12.Kb1 Qc7 13.h3 b4 14.Nd5 Bxd5 15.exd5 h4
16.g4 hxg3 17.Qxg3 g6 18.f4 Nh5 19.Qf2 exf4 20.Bxf4 Nxf4 21.Qxf4 Rh4 22.Qf2 Kf8
23.Bd3 Bf6 24.Rdf1 Kg7 25.Qg3 Rh6 26.Qf4 Qb6 27.Qg4 Ra7 28.Qf4 a5 29.Nd2 Qd4
30.Qxd4 Bxd4 31.Nf3 Bf6 32.Re1 Nb6 33.Rd1 Na4 34.Bb5 Nxb2 35.Rde1 a4 36.Re4 Bc3
37.Nd4 Ra5 38.Bc6 Rc5 39.Rg1 Rh5 40.Nb5 Nc4 41.Rxc4 Rxc4 42.Nxd6 Rd4 43.Ne8+ Kf8
44.d6 a3 45.d7 Ke7 46.Nc7 Rxd7  0-1

[Event "WYb18"]
[Site "Belfort FRA"]
[Date "2005.07.26"]
[Round "8"]
[White "Michielsen,J"]
[Black "Grigorov,G"]
[Result "1-0"]
[WhiteElo "2320"]
[BlackElo "2400"]

1.e4 c5 2.Nf3 d6 3.d4 cxd4 4.Nxd4 Nf6 5.Nc3 a6 6.f3 e6 7.Be3 b5 8.g4 b4 9.Nce2 e5
10.Nb3 h6 11.Qd2 Nc6 12.Ng3 d5 13.exd5 Nxd5 14.O-O-O Nxe3 15.Qxe3 Qc7 16.h4 Be6
17.Bd3 Nd4 18.Nxd4 exd4 19.Qe4 Rd8 20.Nf5 Qc5 21.Bxa6 Qd5 22.Rxd4 Qxe4 23.Bb5+  1-0

[Event "Open A"]
[Site "Pardubice CZE"]
[Date "2005.07.26"]
[Round "5"]
[White "Skjoldborg,J DEN"]
[Black "Korinek,O"]
[Result "1/2-1/2"]
[WhiteElo "2291"]
[BlackElo "2195"]

1.e4 c5 2.Nf3 d6 3.d4 cxd4 4.Nxd4 Nf6 5.Nc3 a6 6.f3 e5 7.Nb3 Be6 8.Be3 Be7
9.Qd2 Nbd7 10.O-O-O O-O 11.g4 b5 12.h4 Nb6 13.g5  1/2-1/2

[Event "Open Dutch Championship"]
[Site "Dieren NED"]
[Date "2005.08.01"]
[Round "6"]
[White "Hoeksema,E"]
[Black "Novikov,St"]
[Result "0-1"]
[WhiteElo "2406"]
[BlackElo "2534"]

1.e4 c5 2.Nf3 d6 3.d4 cxd4 4.Nxd4 Nf6 5.Nc3 a6 6.f3 e5 7.Nb3 Be6 8.Be3 Be7
9.Qd2 O-O 10.O-O-O a5 11.Qe1 Nfd7 12.Bb5 Nc6 13.Kb1 Qc7 14.Qf2 b6 15.Nd5 Bxd5
16.exd5 Ncb8 17.f4 a4 18.Nd2 a3 19.b3 exf4 20.Qxf4 Ra5 21.c4 Bf6 22.Nf3 Nc5
23.Nd4 Ra8 24.Rhe1 Nbd7 25.Bc6 Be5 26.Nb5 Qd8 27.Qf5 g6 28.Qh3 Ra6 29.b4 Ra4
30.Bd2 Bg7 31.Kc2 Qf6 32.Rb1 Ne5 33.Nxa3 Rxa3 34.Qxa3 Qf5+ 35.Kc1 Ncd3+ 36.Kd1 Nxe1  0-1

[Event "15th ETC"]
[Site "Gothenburg SWE"]
[Date "2005.08.01"]
[Round "3"]
[White "Socko,B"]
[Black "Cheparinov,I"]
[Result "1/2-1/2"]
[WhiteElo "2615"]
[BlackElo "2634"]

1.e4 c5 2.Nf3 d6 3.d4 cxd4 4.Nxd4 Nf6 5.Nc3 a6 6.f3 e6 7.Be3 b5 8.g4 h6 9.Qd2 b4
10.Nce2 e5 11.Nb3 a5 12.Ng3 a4 13.Nc1 d5 14.exd5 Qxd5 15.Nd3 Bb7 16.Be2 Nc6
17.Rd1 Rd8 18.Bb6 Rd7 19.Qe3 Qxa2 20.Nxe5 Rxd1+ 21.Kxd1 Nd5 22.Qe4 Nc3+ 23.bxc3 Qa1+
24.Kd2 Qxc3+ 25.Kc1 Qa1+ 26.Kd2 Qc3+  1/2-1/2

[Event "15th ETC"]
[Site "Gothenburg SWE"]
[Date "2005.08.01"]
[Round "3"]
[White "Parligras,M"]
[Black "Hansen,SuB"]
[Result "1-0"]
[WhiteElo "2571"]
[BlackElo "2568"]

1.e4 c5 2.Nf3 d6 3.d4 cxd4 4.Nxd4 Nf6 5.Nc3 a6 6.f3 e5 7.Nb3 Be6 8.Be3 Be7
9.Qd2 O-O 10.O-O-O Nbd7 11.g4 b5 12.g5 b4 13.Ne2 Ne8 14.Ng3 a5 15.Kb1 Nc7
16.f4 a4 17.Nc1 exf4 18.Bxf4 b3 19.Nf5 Nd5 20.Nxe7+ Nxe7 21.Bxd6 bxa2+ 22.Nxa2 Re8
23.h4 Nc6 24.h5 Ra5 25.g6 fxg6 26.hxg6 hxg6 27.Nb4 Ndb8 28.Nd5 Bxd5 29.exd5 Qxd6
30.dxc6 Qxd2 31.Bc4+ Kf8 32.Rxd2 Nxc6 33.Rd7  1-0